01378nam a22003137i 4500001000800000003001000008007000500018008004100023040003500064041000800099043000700107084000700114100003000121245018700151264001100338300003300349336002700382337003300409338002800442504004200470520038600512650001900898650001300917650001300930650002000943651001300963651001300976773007500989B-12620CO-BoFNCPt|| 091001s2008 my a f z eng d aCO-BoFNCPbspacCO-BoFNCPerda aeng amy aA-1 aDuckett, J.Eeautor.4aut14aThe expansion of range and population of the barn owl (Tyto alba javanica) in Peninsular Malaysia and in Sumatra and adjacent Islands :bA review and update on the current situation. 4c©2008 apáginas 799-807 :bTablas. atextobtxt2rdacontent asin mediaciónbn2rdamedia avolumenbnc2rdacarrier aIncluye referencias bibliográficas. aExpansion in numbers and habitats of barn owl (Tyto alba javanica) has occurred in Peninsular Malaysia and in Sumatra and adjacent islands as a natural feature as a consequence of expansion of oil palm (Elaeis guineensis) plantations with year round fruiting and build up of large populations of rats. The barn owl found itsel filling an ecological niche as a predator of the rats. 0aDepredación. 0aLechuza. 0aMalaysia 0aPalma de aceite 0aSumatra. 0aMalaysia0 aThe Planter (Malasia)gv. 84, no. 993 (2008), p.799-807wA-x0126-575x